000
00239nam a2200097Ia 4500
008
171211s9999 xx 000 0 und d
245
_a
Gun Digest Book Of Long-range Shooting
245
_c
L.P. Brezny
260
_c
2014
650
_x
Military
999
_c
348315
_d
348315